000 00292nam a22001217a 4500
008 171123b xxu||||| |||| 00| 0 eng d
041 _aeng
080 _a53
100 _a43
101 _aFIZ
245 _aPSYSICS FOR STUDENT OF SCIENCE AND ENGINEERING
_cRESNICK.H
942 _2udc
_cBK
999 _c38313
_d38313